| 000 | 00674nmc a2200265 a 4500 | ||
|---|---|---|---|
| 003 | AR-BaBNM | ||
| 005 | 20251128204730.0 | ||
| 008 | 136019s1981 ||||||||||||||000 | spa|| | ||
| 020 | _a958-9093-20-S | ||
| 040 | _cAR-BaBNM | ||
| 100 | 1 | _aRulfo, Juan | |
| 245 | 1 | 0 | _aPedro Páramo |
| 250 | _a2ª ed. | ||
| 260 |
_aMéxico, D.F. _bFondo de Cultura Económica _c1981 |
||
| 300 | _a159 p. | ||
| 490 | 0 |
_aColección Popular _vv. 58 |
|
| 500 | _aEdición revisada por el autor | ||
| 650 | 4 | _aLITERATURA MEXICANA | |
| 650 | 4 | _aNOVELAS | |
| 650 | 4 | _aLITERATURA DE FICCION | |
| 653 | _aLITERATURA FANTASTICA | ||
| 655 | _aLITERATURA | ||
| 942 | _cBK | ||
| 998 | _cisola | ||
| 999 |
_c8600 _d8600 |
||